01379nam a22001817a 450000500170000000800410001702000180005804000070007604100120008308200180009510000320011324500390014526000660018430000260025036500570027652007920033365000720112520260406143635.0260406b |||||||| |||| 00| 0 eng d a9780074624777 cAL aEnglish a621.381bBHAI aS K Bhattacharya and others aIndustrial electronics and control aChennaibMc Graw hill education education India Pvt Ltdc2019 a649 p.bPBc23x15 cm. aVBI-2645b₹558.75c₹d₹745.00e25%f20-02-2026 aThis book is designed keeping in view the syllabi of various states for the course in Industrial Electronics adn control. It is presently the only book that covers the complete course requirement at the diploma lovel Written in a comprehensive adn lucid manner, this book deals with the principle of operation and applications of both teh magnetic control devices as well as the electronic control devices as well as the electronic control devices, using thyristors. Apart from the control systems the book deals with semiconductor physics, applications of thyristor based control devices adn industrial circuits. It also explains electronic control of heating, welding and solid state motor control circuits, these circuits have been verified and tested by experts, in the laboratory.  aEmerging use of Microprocessors in industrial Electronics discussed